Technologie výroby elektrických strojů

Guardado en:
Detalles Bibliográficos
Autor principal: Pokorný, Karel (Autor)
Formato: Libro
Lenguaje:checo
Publicado: Brno : Vysoké učení technické v Brně, 1985
Edición:1. vyd.
Etiquetas: Agregar Etiqueta
Sin Etiquetas, Sea el primero en etiquetar este registro!

MARC

LEADER 00000nam a22000003a 4500
001 stu25698
005 20150617225743.4
008 980521s1985------------------------cze-d
040 |a STU  |b slo 
041 0 |a cze 
100 1 |a Pokorný, Karel  |4 aut 
245 1 |a Technologie výroby elektrických strojů 
250 |a 1. vyd. 
260 |a Brno :  |b Vysoké učení technické v Brně,  |c 1985 
300 |a 160 s 
996 |b 284ES17181  |c E*S-25339  |l EE01  |s A  |a 24  |w stu25698_0001